000
00295nam a2200109 4500
008
160629b xxu||||| |||| 00| 0 eng d
100
_9
1321
_a
Singh, K.C., et al
245
_a
A Course in General Studies
260
_a
N.D
_b
Arya
_c
2005
300
_a
A Course in General Studies
942
_2
ddc
_c
BK
999
_c
1082
_d
1082